000 01125nam a2200229Ka 4500
020 _a9781119975687
020 _a1119975689
040 _cTEFOD
082 0 4 _a638 WIL 2012 C158 Or.
100 1 _aWiscombe, David.
245 1 0 _aBeekeeping for dummies
250 _aUK ed.
260 _aChichester :
_bWiley,
_cc2012.
300 _a1 online resource :
_bill.
490 1 _a--For dummies
520 _aBeekeeping For Dummies is a practical, step-by-step beginner's guide to beekeeping. It gives you plain-English guidance on everything you need to know to start your own beehive, from buying the right equipment, sourcing bees, and locating your hive to maintaining a healthy colony and harvesting honey. Plus, you'll get the latest information on the causes and effects of bee disease, colony collapse disorder, and the impact the sudden disappearance of the honeybee has on our environment and economy.
650 0 _aBee culture
650 0 _aElectronic books.
700 1 _aBlackiston, Howland.
856 4 0 _uhttp://dbooks.wplc.info/ContentDetails.htm?ID=7177A71A-3155-45B5-80C7-C711DEDF7135
942 _cAEDBB
999 _c19024
_d19024